Informe anual 1977

Estadísticas económicas de Nicaragua, referentes a la actividad del Banco Central y la situación económica nacional durante el periódo 1975-77 contiene información sobre los siguientes indicadores económicos-sociales: 1) operaciones del banco 2) producción , demanda y precios 3) sector externo 4)sec...

সম্পূর্ণ বিবরণ

সংরক্ষণ করুন:
গ্রন্থ-পঞ্জীর বিবরন
সংস্থা লেখক: Banco Central de Nicaragua
বিন্যাস: পাঠ‍্য
প্রকাশিত: Managua: BCN
বিষয়গুলি:
ট্যাগগুলো: ট্যাগ যুক্ত করুন
কোনো ট্যাগ নেই, প্রথমজন হিসাবে ট্যাগ করুন!

MARC

LEADER 00000 a a2200000 04500
001 19686
003
040
090 |a 078800  
110 |a Banco Central de Nicaragua  
245 |a Informe anual 1977  
260 |a Managua:   |b BCN  
300 |a 237 p.  
520 |a Estadísticas económicas de Nicaragua, referentes a la actividad del Banco Central y la situación económica nacional durante el periódo 1975-77 contiene información sobre los siguientes indicadores económicos-sociales: 1) operaciones del banco 2) producción , demanda y precios 3) sector externo 4)sector público e infraestructura económico-social 5) política monetaria y crediticia, sistema financiero y 6) aspectos internacionales./ALLV  
650 |a INDICADORES ECONOMICOS  
650 |a INDICADORES SOCIALES  
999 |c 16045  |d 16045